Statistiques concernant Rois de Portugal

Cliquez ici pour prendre le quiz!

Statistiques générales

  • Ce quiz a été pris 301 fois
  • Le résultat moyen est 24 sur 37

Statistiques - réponses

RègneDynastieMonarque% Correct
1385 – 1433Maison d'AvizJean Ier
85%
1481 – 1495Maison d'AvizJean II
85%
1521 – 1557Branche de BejaJean III
85%
1640 – 1656Maison de BraganceJean IV
85%
1706 – 1750Maison de BraganceJean V
85%
1816 – 1826Maison de BraganceJean VI
85%
1889 – 1908Branche de Saxe-CobourgCharles Ier
82%
1861 – 1889Branche de Saxe-CobourgLouis Ier
82%
1578 – 1580Branche de BejaHenri Ier
81%
1580 – 1598Maison de HabsbourgPhilippe Ier
76%
1598 – 1621Maison de HabsbourgPhilippe II
76%
1621 – 1640Maison de HabsbourgPhilippe III
76%
1139 – 1185Maison de BourgogneAlphonse Ier
68%
1211 – 1223Maison de BourgogneAlphonse II
68%
1248 – 1279Maison de BourgogneAlphonse III
68%
1325 – 1357Maison de BourgogneAlphonse IV
68%
1438 – 1481Maison d'AvizAlphonse V
68%
1656 – 1683Maison de BraganceAlphonse VI
68%
1357 – 1367Maison de BourgognePierre Ier
68%
1683 – 1706Maison de BragancePierre II
68%
1777 – 1786Maison de BragancePierre III
68%
1826Maison de BragancePierre IV
68%
1853 – 1861Branche de Saxe-CobourgPierre V
68%
1495 – 1521Branche de BejaManuel Ier
63%
1908 – 1910Branche de Saxe-CobourgManuel II
63%
1777 – 1816Maison de BraganceMarie Iere
57%
1834 – 1853Maison de BraganceMarie II
57%
1826 – 1828Maison de BraganceMarie II
57%
1367 – 1383Maison de BourgogneFerdinand Ier
54%
1837 – 1853Maison de BraganceFerdinand II
54%
1433 – 1438Maison d'AvizEdouard Ier
51%
1750 – 1777Maison de BraganceJoseph Ier
50%
1557 – 1578Branche de BejaSébastien Ier
46%
1828 – 1834Maison de BraganceMichel Ier
43%
1185 – 1211Maison de BourgogneSanche Ier
40%
1223 – 1248Maison de BourgogneSanche II
40%
1279 – 1325Maison de BourgogneDenis Ier
38%

Distribution des résultats

Percentile par nombre de réponses

% des personnes avec chaque résultat

Votre développement - résultats

Vous n’avez pas pris ce quiz